| Поле | Название | Значение |
| |
Тип записи |
a |
| |
Библиографический уровень |
m |
| 001 |
Контрольный номер |
4d7b4b1482cd4fceafc5f37a03c3e6f2 |
| 005 |
Дата корректировки |
20160219140057.3 |
| 010 |
Индекс ISBN |
__ |
| a |
ISBN |
978-5-406-03742-3 |
| d |
Цена |
300.00 |
| 101 |
Язык документа |
0_ |
| a |
Язык текста |
rus |
| 102 |
Страна публикации |
__ |
| a |
Страна публикации |
RU |
| 200 |
Заглавие и сведения об ответственности |
1_ |
| a |
Заглавие |
Финансы |
| b |
Общее обозначение материала |
Текст |
| e |
Сведения, относящиеся к заглавию |
учеб. |
| g |
Последующие сведения об ответственности |
ФГОБУ ВПО "Финансовый ун-т при Правительстве Российской Федерации" |
| f |
Первые сведения об ответственности |
под ред. Е. В. Маркиной |
| 210 |
Выходные данные |
1_ |
| a |
Место издания |
Москва |
| c |
Издательство |
КНОРУС |
| d |
Дата издания |
2014 |
| 215 |
Физическое описание |
__ |
| a |
Объем |
432 с. |
| 225 |
Серия |
2_ |
| a |
Серия |
Бакалавриат |
| 610 |
Ключевые слова |
0_ |
| a |
Ключевые слова |
финансы |
| 610 |
Ключевые слова |
0_ |
| a |
Ключевые слова |
гриф |
| 610 |
Ключевые слова |
0_ |
| a |
Ключевые слова |
учебник |
| 610 |
Ключевые слова |
0_ |
| a |
Ключевые слова |
государственные финансы |
| a |
Ключевые слова |
финансовый рынок |
| 610 |
Ключевые слова |
0_ |
| a |
Ключевые слова |
финансовая политика |
| 610 |
Ключевые слова |
0_ |
| a |
Ключевые слова |
муниципальные финансы |
| 686 |
Индексы других классификаций |
__ |
| a |
Классификационный индекс |
65.9(2)26я73 |
| 701 |
Альтернативная интеллектуальная ответственность |
_1 |
| a |
Фамилия |
Маркина |
| b |
Имя |
Е. В. |
| e |
Роль лиц |
Автор |
| 801 |
Источник записи |
_0 |
| a |
Страна |
RU |
| b |
Организация |
РУК |
| g |
Правила каталогизации |
PSBO |
| c |
Дата составления |
20160217 |
| 801 |
Источник записи |
_1 |
| a |
Страна |
RU |
| b |
Организация |
РУК |
| g |
Правила каталогизации |
PSBO |
| 852 |
Данные о местонахождении |
__ |
| i |
Авторский знак |
Ф 59 |
| j |
Шифр хранения |
ББК 65. 9(2)26 |
| 901 |
Тип документа |
__ |
| t |
Тип документа |
m |
| 937 |
Технологическая информация |
__ |
| a |
Создатель записи (имя) |
Мясникова |
| 938 |
Служебная информация |
__ |
| a |
Название организации |
Головной вуз |
| 952 |
Тип литературы |
__ |
| b |
Гриф литературы для ВШ |
гриф |
| c |
Вид литературы |
учебник |